• 首页
  • 本馆介绍
  • 公告通知
  • 最新文献
  • 馆藏检索
  • 电子资源
  • 读者导购
  • 参考咨询
  • 我的图书馆
  • 登录
  • 详细信息显示
  • 放入我的书架
  • 预约/预借图书
  • 作者相关作品
  • 分类相关作品
  • 丛书相关作品
  • 出版社相关作品

书目信息

  • 表格格式
  • 工作单格式
  • 卡片格式
题名:
中学历史名词解释
    
 
作者: 赵安玉 编
分册:  
出版信息: 北京   中国农业机械出版社  1982.03
页数: 131页
开本: 19cm
丛书名:
单 册:
中图分类: G633.51
科图分类:
主题词: 教育--各级
电子资源:
ISBN:
000 00531nam0 2200193 45
001 0405080944
005 20070728094426.25
010    @dCNY0.45
091    @a7216.34
100    @a20040508d1982 km y0chiy0120 ea
101 0  @achi
200 1  @a中学历史名词解释@AZhong Xue Li Shi Ming Ci Jie Shi@f赵安玉编@FZhao An Yu Bian
210    @a北京@c中国农业机械出版社@d1982.03
215    @a131页@d19cm
606 0  @a教育@x各级
690    @aG633.51@v3
701  0 @a赵安玉@Azhao an yu@4编
801    @aCN@bPftUser@c20070728
905    @dG633.51@e11
    
    中学历史名词解释/赵安玉编.-北京:中国农业机械出版社,1982.03
    131页;19cm
    
    
    ISBN :CNY0.45
    
●
相关链接 在E读中查询图书 在五车中查询图书 在当当中查询图书 在豆瓣中查询图书


正题名:中学历史名词解释     索取号:G633.51/11         预约/预借

序号 登录号 条形码 馆藏地/架位号 状态 备注
1 0072327   000251514   密集书库/ [索取号:G633.51/11] 在馆    
2 0072328   000254959   密集书库/ [索取号:G633.51/11] 在馆    
3 0072329   202321898   密集书库/ [索取号:G633.51/11] 在馆    
4 0072330   000251505   密集书库/ [索取号:G633.51/11] 在馆    
5 0072331   202240967   密集书库/ [索取号:G633.51/11] 在馆    
6 0072332   000254940   第一样本阅览室/ [索取号:G633.51/11] 在馆    
7 0072333   202240994   密集书库/ [索取号:G633.51/11] 在馆    
8 0072334   202240976   密集书库/ [索取号:G633.51/11] 在馆    
9 0072335   202240985   密集书库/ [索取号:G633.51/11] 在馆    
10 0072336   202322236   密集书库/ [索取号:G633.51/11] 在馆    
11 0786555   207865559   密集书库/ [索取号:G633.51/11] 在馆    
唐山师范学院图书馆 欢迎您!
大连网信软件有限公司© 版权所有